[Event "8. Winterthur Chess Week 2008 - Master "]
[Site "Winterthur SUI"]
[Date "2008.10.03"]
[Round "1.3"]
[White "Jenni, Florian"]
[Black "Good, Daniel"]
[Result "1/2-1/2"]
[WhiteElo "2543"]
[BlackElo "2175"]
[PlyCount "66"]
[EventDate "2008.10.03"]
[EventType "team-swiss"]
[EventRounds "9"]
[EventCountry "SUI"]
[Source "lmi"]
[SourceDate "2008.10.03"]

1. e4 e6 2. d4 d5 3. Nc3 Nf6 4. Bg5 dxe4 5. Nxe4 Be7 6. Bxf6 Bxf6 7. Nf3 Nd7 8.
Bc4 O-O 9. Qe2 a6 10. O-O-O b5 11. Bd3 Bb7 12. h4 Bd5 13. Kb1 Be7 14. Nfg5 h6
15. f4 Nb6 16. g4 Na4 17. Nf3 Ba3 18. bxa3 Bxe4 19. Kc1 Nc3 20. Qe3 Bxf3 21.
Qxf3 Nxd1 22. Rxd1 Qd6 23. Be4 Rad8 24. g5 f5 25. Bc6 h5 26. d5 g6 27. Qe3 exd5
28. Bxd5+ Kh7 29. Bg8+ Rxg8 30. Rxd6 Rxd6 31. Kb2 Rg7 32. Kb3 Rgd7 33. Qe8 Rg7
1/2-1/2

[Event "8. Winterthur Chess Week 2008 - Master "]
[Site "Winterthur SUI"]
[Date "2008.10.03"]
[Round "1.7"]
[White "Di Berardino, Diego"]
[Black "Nabavi, Parwis"]
[Result "1-0"]
[WhiteElo "2502"]
[BlackElo "2119"]
[PlyCount "69"]
[EventDate "2008.10.03"]
[EventType "team-swiss"]
[EventRounds "9"]
[EventCountry "SUI"]
[Source "lmi"]
[SourceDate "2008.10.03"]

1. e4 e5 2. Nf3 Nc6 3. Bb5 a6 4. Ba4 Nf6 5. O-O Be7 6. Re1 b5 7. Bb3 d6 8. c3
O-O 9. h3 Na5 10. Bc2 c5 11. d4 Qc7 12. Nbd2 cxd4 13. cxd4 Nc6 14. Nb3 a5 15.
Be3 a4 16. Nbd2 Bd7 17. Rc1 Qb7 18. Bb1 Bd8 19. Qe2 h6 20. dxe5 dxe5 21. Rc5
Nd4 22. Bxd4 exd4 23. e5 Bb6 24. Rcc1 Nh5 25. Be4 Qa7 26. Bxa8 Rxa8 27. Ne4 Nf4
28. Qd2 Ng6 29. Red1 Re8 30. Nd6 Rd8 31. Nxd4 Nxe5 32. Qf4 f6 33. N4f5 Rf8 34.
Qg3 Kh7 35. Qxg7# 1-0

[Event "8. Winterthur Chess Week 2008 - Master "]
[Site "Winterthur SUI"]
[Date "2008.10.03"]
[Round "1.8"]
[White "Agushi, Agim"]
[Black "Gallagher, Joseph"]
[Result "0-1"]
[WhiteElo "2118"]
[BlackElo "2480"]
[PlyCount "64"]
[EventDate "2008.10.03"]
[EventType "team-swiss"]
[EventRounds "9"]
[EventCountry "SUI"]
[Source "lmi"]
[SourceDate "2008.10.03"]

1. e4 c5 2. Nf3 d6 3. d4 cxd4 4. Nxd4 Nf6 5. Nc3 a6 6. Bc4 e6 7. O-O b5 8. Bd3
Be7 9. a4 b4 10. Na2 Bb7 11. Qe2 O-O 12. Bd2 Qb6 13. Be3 Qc7 14. Bd2 d5 15.
exd5 Nxd5 16. Nxe6 fxe6 17. Qxe6+ Kh8 18. Qh3 Nf6 19. Rae1 Bd6 20. Bg5 Nbd7 21.
Bf5 Ne5 22. Nxb4 g6 23. Qh4 Nh5 24. Be6 Rae8 25. Bb3 Qc5 26. c3 a5 27. Be3 Qc8
28. Nd5 Ng7 29. Bg5 h5 30. Nf6 Qf5 31. Nxe8 Nf3+ 32. gxf3 Qxf3 0-1

[Event "8. Winterthur Chess Week 2008 - Master "]
[Site "Winterthur SUI"]
[Date "2008.10.03"]
[Round "1.17"]
[White "Humphrey, Jonathan"]
[Black "Berger, Stefan"]
[Result "1-0"]
[WhiteElo "2330"]
[BlackElo "2017"]
[PlyCount "53"]
[EventDate "2008.10.03"]
[EventType "team-swiss"]
[EventRounds "9"]
[EventCountry "SUI"]
[Source "lmi"]
[SourceDate "2008.10.03"]

1. e4 e5 2. Nf3 d6 3. d4 exd4 4. Nxd4 Nf6 5. Nc3 Be7 6. g3 O-O 7. Bg2 Bg4 8. f3
Bd7 9. O-O Nc6 10. Nde2 Rb8 11. a4 Nb4 12. f4 c6 13. h3 d5 14. e5 Bc5+ 15. Kh2
Ne8 16. f5 Qc8 17. g4 h5 18. Ng3 hxg4 19. hxg4 Qd8 20. Bf3 g6 21. Kg2 Qc7 22.
Bf4 g5 23. Bxg5 Qxe5 24. Nh5 Be3 25. Re1 d4 26. Rxe3 dxe3 27. Bf4 1-0

[Event "8. Winterthur Chess Week 2008 - Master "]
[Site "Winterthur SUI"]
[Date "2008.10.03"]
[Round "1.20"]
[White "Vogt, Severin"]
[Black "Zambo, Zoltan"]
[Result "0-1"]
[WhiteElo "1996"]
[BlackElo "2301"]
[PlyCount "80"]
[EventDate "2008.10.03"]
[EventType "team-swiss"]
[EventRounds "9"]
[EventCountry "SUI"]
[Source "lmi"]
[SourceDate "2008.10.03"]

1. e4 c5 2. c3 g6 3. d4 cxd4 4. cxd4 d5 5. exd5 Nf6 6. Qa4+ Nbd7 7. Nc3 Bg7 8.
Nf3 O-O 9. Qb3 Nb6 10. Be3 Nfxd5 11. a4 Be6 12. Ng5 Nxe3 13. Nxe6 Nxg2+ 14.
Bxg2 fxe6 15. Qxe6+ Kh8 16. O-O Qxd4 17. a5 Nc4 18. a6 Nxb2 19. axb7 Rab8 20.
Ne2 Qc5 21. Rac1 Qb5 22. Rc8 Qe5 23. Qd7 Nc4 24. Rxc4 Qxe2 25. Re4 Qh5 26. Rxe7
Qh6 27. Rfe1 Qf4 28. Re8 Bd4 29. R8e4 Bxf2+ 30. Kh1 Qf5 31. Qd6 Bxe1 32. Rxe1
Rbd8 33. Qc7 Qf7 34. Qe5+ Qf6 35. Qc7 Rde8 36. Rf1 Qg7 37. Rc1 Qxc7 38. Rxc7
Re1+ 39. Bf1 Rexf1+ 40. Kg2 Rb1 0-1

[Event "8. Winterthur Chess Week 2008 - Master "]
[Site "Winterthur SUI"]
[Date "2008.10.03"]
[Round "1.21"]
[White "Worek, Joanna"]
[Black "Oesch, Harry"]
[Result "0-1"]
[WhiteElo "2301"]
[BlackElo "1992"]
[PlyCount "90"]
[EventDate "2008.10.03"]
[EventType "team-swiss"]
[EventRounds "9"]
[EventCountry "SUI"]
[Source "lmi"]
[SourceDate "2008.10.03"]

1. c4 Nf6 2. Nc3 e6 3. g3 d5 4. cxd5 exd5 5. d4 c6 6. Bg2 Bf5 7. Nf3 h6 8. O-O
Nbd7 9. Bf4 Be7 10. a3 a5 11. Rc1 O-O 12. Be5 Ne4 13. Na4 Ra6 14. Bf4 Nb6 15.
Nc5 Nxc5 16. dxc5 Nc4 17. Ne5 Bxc5 18. e4 Be6 19. exd5 cxd5 20. b3 Nxe5 21.
Rxc5 Ng6 22. Be3 Rd6 23. Bd4 b6 24. Rc2 Qd7 25. Qa1 f6 26. Rfc1 Qb5 27. Qb2 Bf5
28. Rc7 Re8 29. Bf1 Bd3 30. a4 Qa6 31. Bg2 Be4 32. Qa3 Rde6 33. Qa1 Bxg2 34.
Kxg2 Qd3 35. Qc3 Qe4+ 36. f3 Qe2+ 37. Bf2 Re3 38. Qd4 Qxf3+ 39. Kg1 Rxb3 40.
R7c3 Rxc3 41. Rxc3 Qe4 42. Qxb6 Qxa4 43. Rc7 Qd1+ 44. Kg2 Qg4 45. Qb7 Nf4+ 0-1

[Event "8. Winterthur Chess Week 2008 - Master "]
[Site "Winterthur SUI"]
[Date "2008.10.04"]
[Round "2.1"]
[White "Blasko, Istvan"]
[Black "Howell, David"]
[Result "0-1"]
[WhiteElo "2336"]
[BlackElo "2593"]
[PlyCount "30"]
[EventDate "2008.10.03"]
[EventType "team-swiss"]
[EventRounds "9"]
[EventCountry "SUI"]
[Source "lmi"]
[SourceDate "2008.10.03"]

1. d4 Nf6 2. c4 g6 3. Nc3 d5 4. f3 c6 5. e4 dxe4 6. fxe4 e5 7. d5 Bc5 8. Qf3
Ng4 9. h3 Nf2 10. Rh2 f5 11. Be3 Nxe4 12. Nxe4 fxe4 13. Qg3 Bb4+ 14. Bd2 Bxd2+
15. Kxd2 O-O 0-1

[Event "8. Winterthur Chess Week 2008 - Master "]
[Site "Winterthur SUI"]
[Date "2008.10.04"]
[Round "2.2"]
[White "Bachmann, Axel"]
[Black "Kargin, Arseny"]
[Result "1-0"]
[WhiteElo "2555"]
[BlackElo "2396"]
[PlyCount "35"]
[EventDate "2008.10.03"]
[EventType "team-swiss"]
[EventRounds "9"]
[EventCountry "SUI"]
[Source "lmi"]
[SourceDate "2008.10.03"]

1. e4 c5 2. Nf3 d6 3. d4 cxd4 4. Nxd4 Nf6 5. Nc3 a6 6. f4 e5 7. Nf3 Nbd7 8. a4
Qc7 9. Bd3 Be7 10. O-O O-O 11. Kh1 b6 12. fxe5 Nxe5 13. Bg5 Be6 14. Nd4 Nfg4
15. Bf4 Bh4 16. g3 Bf6 17. Be2 Bc4 18. h3 1-0

[Event "8. Winterthur Chess Week 2008 - Master "]
[Site "Winterthur SUI"]
[Date "2008.10.04"]
[Round "2.8"]
[White "Wyss, Thomas"]
[Black "Varadi, Viktor"]
[Result "1-0"]
[WhiteElo "2292"]
[BlackElo "2432"]
[PlyCount "41"]
[EventDate "2008.10.03"]
[EventType "team-swiss"]
[EventRounds "9"]
[EventCountry "SUI"]
[Source "lmi"]
[SourceDate "2008.10.03"]

1. e4 c5 2. Nf3 d6 3. d4 cxd4 4. Nxd4 Nf6 5. Nc3 a6 6. Bc4 e6 7. O-O b5 8. Bb3
Nbd7 9. Re1 Nc5 10. Bd5 Bb7 11. b4 exd5 12. exd5+ Kd7 13. bxc5 dxc5 14. Nc6
Bxc6 15. dxc6+ Kxc6 16. Qf3+ Kb6 17. Bg5 Rc8 18. Rad1 Bd6 19. Nd5+ Ka7 20. Nxf6
gxf6 21. Bf4 1-0

[Event "8. Winterthur Chess Week 2008 - Master "]
[Site "Winterthur SUI"]
[Date "2008.10.04"]
[Round "2.9"]
[White "Diamant, Andre"]
[Black "Goreskul, Alyona"]
[Result "1/2-1/2"]
[WhiteElo "2412"]
[BlackElo "2222"]
[PlyCount "87"]
[EventDate "2008.10.03"]
[EventType "team-swiss"]
[EventRounds "9"]
[EventCountry "SUI"]
[Source "lmi"]
[SourceDate "2008.10.03"]

1. e4 c5 2. Nf3 Nc6 3. d4 cxd4 4. Nxd4 Nf6 5. Nc3 g6 6. Be3 Bg7 7. Bc4 O-O 8.
Bb3 d6 9. f3 Bd7 10. Qd2 Nxd4 11. Bxd4 b5 12. Nd5 Nxd5 13. Bxg7 Kxg7 14. exd5
Qb6 15. O-O-O a5 16. a3 a4 17. Ba2 Rac8 18. c3 b4 19. axb4 Qxb4 20. Qd4+ Qxd4
21. Rxd4 a3 22. Re1 axb2+ 23. Kxb2 Rfe8 24. Rb4 Rc7 25. g4 Bc8 26. Bb3 Bb7 27.
Ra1 Bc8 28. h4 h6 29. c4 Bd7 30. Re1 Kf8 31. Rb6 Ra8 32. Kc3 Ba4 33. Ra1 Rca7
34. g5 hxg5 35. hxg5 Bxb3 36. Rxa7 Rxa7 37. Rxb3 Kg7 38. Kd4 f6 39. gxf6+ Kxf6
40. Re3 Ra1 41. Re6+ Kf7 42. Re3 Kf6 43. Re6+ Kf7 44. Re3 1/2-1/2

[Event "8. Winterthur Chess Week 2008 - Master "]
[Site "Winterthur SUI"]
[Date "2008.10.04"]
[Round "2.20"]
[White "Freuler, Roman"]
[Black "Jovanovic, Sladjan"]
[Result "1-0"]
[WhiteElo "2043"]
[BlackElo "2143"]
[PlyCount "81"]
[EventDate "2008.10.03"]
[EventType "team-swiss"]
[EventRounds "9"]
[EventCountry "SUI"]
[Source "lmi"]
[SourceDate "2008.10.03"]

1. e4 d5 2. exd5 Qxd5 3. Nc3 Qa5 4. d4 Nf6 5. Nf3 Bf5 6. Bd2 c6 7. Bc4 Nbd7 8.
Qe2 e6 9. d5 cxd5 10. Nxd5 Qd8 11. Nd4 Nxd5 12. Nxf5 Nc7 13. O-O-O Qf6 14. Ng3
O-O-O 15. Ne4 Qg6 16. f4 Nc5 17. Rhe1 Nd5 18. Ba5 b6 19. Ba6+ Nxa6 20. Qxa6+
Kb8 21. c4 Rc8 22. Bc3 Bb4 23. cxd5 exd5 24. Rxd5 Qe6 25. Rdd1 Qf5 26. g3 Rhe8
27. Qd3 Bxc3 28. bxc3 Rcd8 29. Qc2 Rxd1+ 30. Kxd1 Qd5+ 31. Qd2 Qh5+ 32. Kc1 Qg6
33. Ng5 Rc8 34. Kb2 h6 35. Nf3 Qc6 36. Nd4 Qc5 37. Nb3 Qc6 38. Rd1 Qf3 39. Qd6+
Rc7 40. Qd3 Rxc3 41. Kxc3 1-0

[Event "8. Winterthur Chess Week 2008 - Master "]
[Site "Winterthur SUI"]
[Date "2008.10.04"]
[Round "2.23"]
[White "Nabavi, Parwis"]
[Black "Karrer, Peter"]
[Result "1-0"]
[WhiteElo "2119"]
[BlackElo "1965"]
[PlyCount "73"]
[EventDate "2008.10.03"]
[EventType "team-swiss"]
[EventRounds "9"]
[EventCountry "SUI"]
[Source "lmi"]
[SourceDate "2008.10.03"]

1. d4 Nf6 2. Nf3 c5 3. c3 e6 4. Bf4 Nc6 5. e3 b6 6. Nbd2 Be7 7. h3 O-O 8. Bd3
Bb7 9. O-O d6 10. Qe2 Qc7 11. Rac1 Rfe8 12. e4 e5 13. Be3 d5 14. dxc5 bxc5 15.
exd5 Nxd5 16. Bxh7+ Kxh7 17. Qd3+ Kg8 18. Qxd5 Nd4 19. Qc4 Nxf3+ 20. Nxf3 Bxf3
21. gxf3 Bd6 22. Rfd1 Rad8 23. b4 e4 24. fxe4 Qd7 25. Bxc5 Qxh3 26. Rxd6 Qg4+
27. Kf1 Qh3+ 28. Ke1 Qh1+ 29. Kd2 Qh6+ 30. Kc2 Rxd6 31. Bxd6 Qxd6 32. Re1 Qf4
33. Qe2 Rc8 34. Qd2 Qe5 35. Kb2 a5 36. Qd4 Qc7 37. Rg1 1-0

[Event "8. Winterthur Chess Week 2008 - Master "]
[Site "Winterthur SUI"]
[Date "2008.10.05"]
[Round "3.1"]
[White "Howell, David"]
[Black "Jakubowski, Krzysztof"]
[Result "1-0"]
[WhiteElo "2593"]
[BlackElo "2507"]
[PlyCount "75"]
[EventDate "2008.10.03"]
[EventType "team-swiss"]
[EventRounds "9"]
[EventCountry "SUI"]
[Source "lmi"]
[SourceDate "2008.10.03"]

1. e4 c5 2. c3 d6 3. d4 Nf6 4. Bd3 cxd4 5. cxd4 g6 6. h3 Bg7 7. Nf3 O-O 8. Nc3
Nc6 9. O-O e5 10. dxe5 dxe5 11. Bc4 Be6 12. Bxe6 fxe6 13. Be3 Qe7 14. Qb3 Nh5
15. Rfd1 h6 16. Rd3 Rad8 17. Rad1 Rxd3 18. Rxd3 Kh7 19. Qd1 Rf7 20. Rd2 a6 21.
a3 Nf4 22. Kh2 Qc7 23. g3 Nh5 24. Kg2 Nf6 25. Qb3 Qe7 26. Qc4 Nd7 27. b4 Nf8
28. b5 axb5 29. Nxb5 Qf6 30. Ne1 Rd7 31. Rxd7 Nxd7 32. Nd6 Qd8 33. Nxb7 Qc7 34.
Nd8 Qxd8 35. Qxc6 Nf6 36. a4 Qa5 37. Nf3 Qb4 38. Nd2 1-0

[Event "8. Winterthur Chess Week 2008 - Master "]
[Site "Winterthur SUI"]
[Date "2008.10.05"]
[Round "3.5"]
[White "Di Berardino, Diego"]
[Black "Gattenloehner, Sebastian"]
[Result "1/2-1/2"]
[WhiteElo "2502"]
[BlackElo "2207"]
[PlyCount "95"]
[EventDate "2008.10.03"]
[EventType "team-swiss"]
[EventRounds "9"]
[EventCountry "SUI"]
[Source "lmi"]
[SourceDate "2008.10.03"]

1. e4 c5 2. Nf3 e6 3. d4 cxd4 4. Nxd4 a6 5. Bd3 Bc5 6. c3 d6 7. O-O Nf6 8. Kh1
e5 9. Nf3 Nc6 10. Qe2 O-O 11. Bg5 h6 12. Bh4 g5 13. Bg3 Bg4 14. Nbd2 Nh5 15. b4
Ba7 16. Nc4 Nf4 17. Bxf4 exf4 18. a4 Bh5 19. b5 Ne5 20. Rfd1 g4 21. Nfxe5 dxe5
22. Bc2 Qg5 23. g3 Rac8 24. b6 Rxc4 25. bxa7 Rc7 26. Rd5 Ra8 27. Qd3 Rxa7 28.
Rd8+ Kg7 29. gxf4 Qxf4 30. Qd6 Rc6 31. Qb8 b6 32. Rg8+ Kf6 33. Rd1 Re7 34. Rd6+
Rxd6 35. Qxd6+ Re6 36. Qd8+ Re7 37. Qxb6+ Re6 38. Qd8+ Re7 39. Re8 Qxf2 40.
Qxe7+ Kg6 41. Qd6+ Kh7 42. Bd3 Qe1+ 43. Kg2 Qd2+ 44. Kg1 Qd1+ 45. Kf2 Qd2+ 46.
Kg1 Qd1+ 47. Kf2 Qd2+ 48. Kg1 1/2-1/2

[Event "8. Winterthur Chess Week 2008 - Master "]
[Site "Winterthur SUI"]
[Date "2008.10.05"]
[Round "3.16"]
[White "Hugentobler, Patrick"]
[Black "Gaehwiler, Gabriel"]
[Result "0-1"]
[WhiteElo "2302"]
[BlackElo "2093"]
[PlyCount "52"]
[EventDate "2008.10.03"]
[EventType "team-swiss"]
[EventRounds "9"]
[EventCountry "SUI"]
[Source "lmi"]
[SourceDate "2008.10.03"]

1. e4 c5 2. Nf3 d6 3. d4 cxd4 4. Nxd4 Nf6 5. Nc3 a6 6. Bc4 e6 7. O-O b5 8. Bb3
Be7 9. Qf3 Qb6 10. Be3 Qb7 11. Qg3 b4 12. Na4 Nbd7 13. f3 O-O 14. Rfd1 Ne5 15.
Ne2 Rb8 16. c4 bxc3 17. Nexc3 Bd7 18. Rac1 Bb5 19. Nxb5 axb5 20. Nc3 Rfc8 21.
Rc2 b4 22. Na4 Rxc2 23. Bxc2 Nc4 24. Bf2 Rc8 25. Bd3 Ne5 26. Bb1 Nh5 0-1

[Event "8. Winterthur Chess Week 2008 - Master "]
[Site "Winterthur SUI"]
[Date "2008.10.05"]
[Round "3.19"]
[White "Lapp, Karl-Iversen"]
[Black "Georgiadis, Nico"]
[Result "0-1"]
[WhiteElo "2191"]
[BlackElo "1952"]
[PlyCount "82"]
[EventDate "2008.10.03"]
[EventType "team-swiss"]
[EventRounds "9"]
[EventCountry "SUI"]
[Source "lmi"]
[SourceDate "2008.10.03"]

1. e4 c5 2. Nc3 d6 3. g3 Nc6 4. Bg2 g6 5. d3 Bg7 6. f4 e6 7. Nf3 Nge7 8. O-O
O-O 9. Be3 Nd4 10. Qd2 Nec6 11. Nh4 Bf6 12. Qf2 Bd7 13. a3 Rb8 14. Nd1 b5 15.
c3 Nb3 16. Ra2 Qa5 17. Qc2 Qa4 18. Nf3 b4 19. g4 bxc3 20. bxc3 Bg7 21. Nh4 g5
22. fxg5 Ne5 23. Nf2 Qa5 24. c4 Ba4 25. Qe2 Nc6 26. Nf3 Ncd4 27. Qd1 Rfe8 28.
Bf4 Rbd8 29. Nd2 d5 30. Qe1 Qa6 31. cxd5 exd5 32. Kh1 c4 33. dxc4 dxc4 34. Nd1
Nc1 35. Nc3 Nxa2 36. Nxa2 Nc2 37. Qg3 Rd3 38. Qf2 c3 39. Nb1 Qb6 40. Be3 Nxe3
41. Qxf7+ Kh8 0-1

[Event "8. Winterthur Chess Week 2008 - Master "]
[Site "Winterthur SUI"]
[Date "2008.10.05"]
[Round "3.25"]
[White "Egitov, Alexey"]
[Black "Karrer, Peter"]
[Result "1/2-1/2"]
[WhiteElo "2025"]
[BlackElo "1965"]
[PlyCount "74"]
[EventDate "2008.10.03"]
[EventType "team-swiss"]
[EventRounds "9"]
[EventCountry "SUI"]
[Source "lmi"]
[SourceDate "2008.10.03"]

1. e4 c5 2. Nf3 Nc6 3. d4 cxd4 4. Nxd4 Qb6 5. Nb3 Nf6 6. Bd3 d5 7. Nc3 dxe4 8.
Be3 Qc7 9. Nxe4 Nxe4 10. Bxe4 e5 11. O-O Bd6 12. Qh5 g6 13. Qf3 f5 14. Bd5 e4
15. Qe2 Bd7 16. Nc5 O-O-O 17. Nxd7 Qxd7 18. Qc4 Bxh2+ 19. Kxh2 Qxd5 20. Qc3
Qe5+ 21. Qxe5 Nxe5 22. Bxa7 Rd2 23. Rfd1 Rhd8 24. Rxd2 Rxd2 25. Kg3 Rxc2 26.
Rh1 h5 27. Kh4 Nd3 28. Kg5 Rxb2 29. Bd4 Rxa2 30. Kxg6 Ra5 31. g3 Rd5 32. Be3 b5
33. Rxh5 b4 34. Rxf5 Rxf5 35. Kxf5 b3 36. Bd4 Nxf2 37. Kf4 Kd7 1/2-1/2

[Event "8. Winterthur Chess Week 2008 - Master "]
[Site "Winterthur SUI"]
[Date "2008.10.06"]
[Round "4.1"]
[White "Bachmann, Axel"]
[Black "Howell, David"]
[Result "1-0"]
[WhiteElo "2555"]
[BlackElo "2593"]
[PlyCount "109"]
[EventDate "2008.10.03"]
[EventType "team-swiss"]
[EventRounds "9"]
[EventCountry "SUI"]
[Source "lmi"]
[SourceDate "2008.10.03"]

1. e4 e5 2. Nf3 Nc6 3. Bc4 Nf6 4. d3 h6 5. c3 d6 6. Bb3 g6 7. O-O Bg7 8. Re1
O-O 9. Nbd2 Na5 10. Bc2 c5 11. Nf1 Re8 12. h3 Nc6 13. Be3 b6 14. Ba4 Bd7 15.
Bd2 d5 16. b4 Rc8 17. bxc5 bxc5 18. Rb1 c4 19. exd5 Nxd5 20. dxc4 Nb6 21. Bb5
Na5 22. Be3 Naxc4 23. Bxd7 Nxd7 24. Bxa7 Qc7 25. Be3 Ra8 26. Re2 Red8 27. Qc1
Kh7 28. Rb4 Nf6 29. N3d2 Nxe3 30. Nxe3 Rxa2 31. Rb2 Ra6 32. c4 Qa7 33. Re1 Bf8
34. Qb1 Qa8 35. Nf3 e4 36. Ne5 Kg8 37. Rb7 Ra1 38. Qxa1 Qxb7 39. Nxg6 Bg7 40.
Nh4 Ng4 41. Qa5 Ra8 42. Qd5 Qxd5 43. Nxd5 Ne5 44. Rxe4 Ra1+ 45. Kh2 Rc1 46. Ne3
Nd3 47. Kg3 Be5+ 48. f4 Bc3 49. Nhf5 Kh7 50. Re7 Kg6 51. Rc7 Ne5 52. Ne7+ Kg7
53. N7d5 Be1+ 54. Kh2 Nd3 55. Rc6 1-0

[Event "8. Winterthur Chess Week 2008 - Master "]
[Site "Winterthur SUI"]
[Date "2008.10.06"]
[Round "4.2"]
[White "Berczes, David"]
[Black "Ballmann, Martin"]
[Result "0-1"]
[WhiteElo "2514"]
[BlackElo "2408"]
[PlyCount "80"]
[EventDate "2008.10.03"]
[EventType "team-swiss"]
[EventRounds "9"]
[EventCountry "SUI"]
[Source "lmi"]
[SourceDate "2008.10.03"]

1. d4 Nf6 2. c4 g6 3. Nc3 Bg7 4. e4 d6 5. Nf3 O-O 6. Be2 a6 7. O-O c6 8. h3 b5
9. e5 Ne8 10. a3 Nd7 11. Bg5 dxe5 12. dxe5 Nc7 13. Ne4 Ne6 14. Bh4 Ra7 15. Bg3
Qc7 16. Nf6+ Kh8 17. Qd2 Ndc5 18. Qe3 Qb7 19. Ne4 Nxe4 20. Qxe4 c5 21. Qe3 Bd7
22. h4 h6 23. b4 Rc8 24. bxc5 Rxc5 25. Nd2 bxc4 26. Ne4 Rc8 27. Rab1 Qa8 28.
Bf3 Bc6 29. Rb6 Rd7 30. Nf6 exf6 31. exf6 Bxf3 32. fxg7+ Kxg7 33. gxf3 Qd5 34.
Rfb1 Kh7 35. Rb8 Rxb8 36. Rxb8 Rb7 37. Rxb7 Qxb7 38. h5 Qd5 39. hxg6+ Kxg6 40.
Qa7 c3 0-1

[Event "8. Winterthur Chess Week 2008 - Master "]
[Site "Winterthur SUI"]
[Date "2008.10.06"]
[Round "4.5"]
[White "Wyss, Thomas"]
[Black "Jenni, Florian"]
[Result "1/2-1/2"]
[WhiteElo "2292"]
[BlackElo "2543"]
[PlyCount "45"]
[EventDate "2008.10.03"]
[EventType "team-swiss"]
[EventRounds "9"]
[EventCountry "SUI"]
[Source "lmi"]
[SourceDate "2008.10.03"]

1. e4 c5 2. Nc3 d6 3. Nge2 Nc6 4. d4 cxd4 5. Nxd4 e6 6. Bc4 a6 7. O-O Nf6 8.
Bb3 Na5 9. f4 Nxb3 10. axb3 e5 11. Nf3 exf4 12. Bxf4 Qb6+ 13. Qd4 Qxd4+ 14.
Nxd4 Bd7 15. Ndb5 Bxb5 16. Nxb5 Rd8 17. Nc3 Be7 18. Rfd1 O-O 19. Ra4 Rfe8 20.
Kf1 h6 21. Rad4 Rc8 22. R1d2 b5 23. b4 1/2-1/2

[Event "8. Winterthur Chess Week 2008 - Master "]
[Site "Winterthur SUI"]
[Date "2008.10.06"]
[Round "4.12"]
[White "Georgiadis, Nico"]
[Black "Humphrey, Jonathan"]
[Result "1-0"]
[WhiteElo "1952"]
[BlackElo "2330"]
[PlyCount "55"]
[EventDate "2008.10.03"]
[EventType "team-swiss"]
[EventRounds "9"]
[EventCountry "SUI"]
[Source "lmi"]
[SourceDate "2008.10.03"]

1. e4 c5 2. Nf3 d6 3. d4 cxd4 4. Nxd4 Nf6 5. Nc3 a6 6. Be3 e5 7. Nf3 Be7 8. Bc4
O-O 9. O-O Be6 10. Bb3 Nc6 11. Bg5 Nd7 12. Bxe7 Qxe7 13. Nd5 Qd8 14. Re1 Na5
15. Ne3 Nf6 16. Bd5 Rc8 17. Rc1 b5 18. b3 h6 19. Qd2 Qb6 20. Nh4 Rfd8 21. Nhf5
Rd7 22. Red1 Kh7 23. Kh1 Qd8 24. f3 Ng8 25. Ng4 Bxf5 26. exf5 Nc6 27. Bxc6 Rxc6
28. Nxe5 1-0

[Event "8. Winterthur Chess Week 2008 - Master "]
[Site "Winterthur SUI"]
[Date "2008.10.06"]
[Round "4.15"]
[White "Muellhaupt, Philippe"]
[Black "Worek, Joanna"]
[Result "0-1"]
[WhiteElo "1952"]
[BlackElo "2301"]
[PlyCount "64"]
[EventDate "2008.10.03"]
[EventType "team-swiss"]
[EventRounds "9"]
[EventCountry "SUI"]
[Source "lmi"]
[SourceDate "2008.10.03"]

1. d4 d6 2. c4 c6 3. Nc3 Nf6 4. Bg5 Nbd7 5. Nf3 h6 6. Bh4 e5 7. dxe5 dxe5 8.
Qc2 Qa5 9. O-O-O Bb4 10. Ne4 Qxa2 11. Nd6+ Bxd6 12. Rxd6 Nc5 13. Bxf6 gxf6 14.
e4 Ke7 15. Rd3 Qa1+ 16. Qb1 Qxb1+ 17. Kxb1 Nxd3 18. Bxd3 Bg4 19. Nh4 Rad8 20.
Kc2 Rd4 21. f3 Be6 22. b3 Rhd8 23. Rd1 b5 24. f4 bxc4 25. bxc4 c5 26. Nf3 Bg4
27. fxe5 fxe5 28. Rd2 Bxf3 29. gxf3 a5 30. Rd1 a4 31. Be2 Rxd1 32. Bxd1 a3 0-1

[Event "8. Winterthur Chess Week 2008 - Master "]
[Site "Winterthur SUI"]
[Date "2008.10.06"]
[Round "4.19"]
[White "Freuler, Roman"]
[Black "Lapp, Karl-Iversen"]
[Result "1-0"]
[WhiteElo "2043"]
[BlackElo "2191"]
[PlyCount "107"]
[EventDate "2008.10.03"]
[EventType "team-swiss"]
[EventRounds "9"]
[EventCountry "SUI"]
[Source "lmi"]
[SourceDate "2008.10.03"]

1. e4 e5 2. Nf3 Nc6 3. d4 exd4 4. Nxd4 Bc5 5. Be3 Qf6 6. Nb5 Bxe3 7. fxe3 Qd8
8. Qg4 Kf8 9. Qf4 d6 10. Bc4 Ne5 11. O-O a6 12. Nd4 Nf6 13. Bb3 c5 14. c3 cxd4
15. exd4 Ng6 16. Qg3 Qe7 17. Nd2 Be6 18. Bc2 Kg8 19. Rae1 Rd8 20. Nf3 Nh5 21.
Qg5 Qxg5 22. Nxg5 Bc4 23. Rf3 Nhf4 24. b3 Bb5 25. g3 f6 26. gxf4 fxg5 27. fxg5
Rf8 28. Kf2 Rf4 29. c4 Bc6 30. Rxf4 Nxf4 31. Kg3 Nh5+ 32. Kg4 g6 33. e5 dxe5
34. Rxe5 Kf7 35. d5 Bd7+ 36. Kf3 b6 37. b4 Ng7 38. c5 bxc5 39. bxc5 Re8 40.
Rxe8 Nxe8 41. Kf4 Bb5 42. Ke5 Ke7 43. Bd1 Ng7 44. a4 Bd7 45. c6 Bh3 46. d6+ Kd8
47. a5 Bf1 48. Bb3 Bb5 49. Bd5 Ba4 50. Kd4 Nh5 51. Kc5 Nf4 52. Bc4 Bb5 53. Bxb5
axb5 54. a6 1-0

[Event "8. Winterthur Chess Week 2008 - Master "]
[Site "Winterthur SUI"]
[Date "2008.10.07"]
[Round "5.1"]
[White "Ballmann, Martin"]
[Black "Bachmann, Axel"]
[Result "0-1"]
[WhiteElo "2408"]
[BlackElo "2555"]
[PlyCount "80"]
[EventDate "2008.10.03"]
[EventType "team-swiss"]
[EventRounds "9"]
[EventCountry "SUI"]
[Source "lmi"]
[SourceDate "2008.10.03"]

1. d4 Nf6 2. Nf3 g6 3. Bg5 Bg7 4. e3 O-O 5. Be2 c5 6. Nbd2 b6 7. c3 Bb7 8. O-O
d6 9. Re1 Nbd7 10. Bf1 h6 11. Bh4 Qc7 12. h3 Rfd8 13. e4 Nf8 14. Bg3 Nh5 15.
Bh2 e5 16. a4 Ne6 17. d5 Ng5 18. a5 Nxf3+ 19. Qxf3 Rf8 20. axb6 axb6 21. Bb5
Bf6 22. Qd3 Bg5 23. Nf3 Be7 24. Nd2 Bg5 25. Nf3 Be7 26. Nd2 Rxa1 27. Rxa1 f5
28. c4 Bc8 29. Ra8 Bg5 30. Nf3 Kg7 31. Qa3 Be7 32. Ra7 Qd8 33. Qc3 Kg8 34. Nd2
Bg5 35. Qd3 Qf6 36. exf5 Bxf5 37. Qe2 Bd3 38. Qe1 Nf4 39. Ne4 Bxe4 40. Qxe4
Nxh3+ 0-1

[Event "8. Winterthur Chess Week 2008 - Master "]
[Site "Winterthur SUI"]
[Date "2008.10.07"]
[Round "5.2"]
[White "Howell, David"]
[Black "Hajnal, Zoltan"]
[Result "1-0"]
[WhiteElo "2593"]
[BlackElo "2400"]
[PlyCount "57"]
[EventDate "2008.10.03"]
[EventType "team-swiss"]
[EventRounds "9"]
[EventCountry "SUI"]
[Source "lmi"]
[SourceDate "2008.10.03"]

1. d4 d5 2. c4 c6 3. Nc3 dxc4 4. e3 b5 5. a4 b4 6. Ne4 Qd5 7. Nd2 c3 8. bxc3
bxc3 9. Ndf3 Qa5 10. Qb3 e6 11. Ne5 Nf6 12. Ngf3 Be7 13. Ba3 Bxa3 14. Qxa3 Ne4
15. Nc4 Qd5 16. Bd3 Nd7 17. O-O Ndf6 18. Nfe5 c5 19. f3 Nd2 20. Nxd2 cxd2 21.
Be4 Nxe4 22. fxe4 Qxe4 23. Qxc5 f6 24. Nc6 Qxe3+ 25. Kh1 Kd7 26. Ne5+ Ke8 27.
Qc6+ Ke7 28. Qc7+ Ke8 29. Qf7+ 1-0